000
00209 a2200097 4500
001
9326
100
_a
Kirk, G E
245
_a
Short history of the middle east.
260
_a
_b
Methuen
_c
090
_c
7496
_d
7496
942
_a
NUST-CAE
_c
M
_c
34151
999
_c
244399
_d
244399